Economics of poverty (Record no. 3351)

000 -LEADER
fixed length control field 00273nam a22001217a 4500
020 ## - INTERNATIONAL STANDARD BOOK NUMBER
International Standard Book Number 9788178845029
082 ## - DEWEY DECIMAL CLASSIFICATION NUMBER
Classification number 330.91724
100 ## - MAIN ENTRY--PERSONAL NAME
Personal name R.Kothekar
245 ## - TITLE STATEMENT
Title Economics of poverty
260 ## - PUBLICATION, DISTRIBUTION, ETC.
Place of publication, distribution, etc. New Delhi
Name of publisher, distributor, etc. Cybertech publications
Date of publication, distribution, etc. 2009
300 ## - PHYSICAL DESCRIPTION
Extent 256p
942 ## - ADDED ENTRY ELEMENTS (KOHA)
Koha item type Book
Holdings
Withdrawn status Lost status Damaged status Not for loan Collection code Permanent Location Current Location Shelving location Date acquired Total Checkouts Full call number Barcode Date last seen Date last checked out Price effective from Koha item type
          Central Library (CL) Central Library (CL) General Stacks 06/02/2016 1 330.91724 KOT S3H-N-806 10/19/2017 09/21/2017 06/02/2016 Book
          Central Library (CL) Central Library (CL) General Stacks 06/02/2016   330.91724 KOT S3H-N-815 06/02/2016   06/02/2016 Book
© 2023 Central Library, National University of Sciences and Technology. All Rights Reserved.